Normal view
MARC view
Entry Personal Name
001 - CONTROL NUMBER
- control field: 14813
003 - CONTROL NUMBER IDENTIFIER
- control field: HDC
005 - DATE AND TIME OF LATEST TRANSACTION
- control field: 20230624073437.0
008 - FIXED-LENGTH DATA ELEMENTS
- fixed length control field: 210214|| aca||aabn | a|a d
040 ## - CATALOGING SOURCE
- Original cataloging agency: HDC
- Transcribing agency: HDC
100 ## - HEADING--PERSONAL NAME
- Personal name: Azmil Haizam Ahmad Tarmiza
670 ## - SOURCE DATA FOUND
- Source citation: Work cat.: (HDC): Azmil Haizam Ahmad Tarmiza author, New evolution of Palm-based Standard Reference Materials / by, 2007
